00357nam a22001337a 4500003000400000005001700004008004100021040001800062082001900080100001900099245005700118260003900175300000900214OSt20200606120150.0191102b ||||| |||| 00| 0 eng d cMESKC library a303.568bDHA/D aDharmendra B R aDalit Chetana Ke Vividh Sopan /cDr. B R Dharmendra aDelhi :bAchinth Prakashan, c2016 a175p